000 00417nam a2200181Ia 4500
001 15492
005 20260306170200.0
008 260306t2012||||xx |||||||||||||| ||und||
041 _aESP
082 _a541.3
_bK92
100 _aKuhn, Hans
_eAUT
245 0 _aPrincipios de fisicoquímica
260 _c2012
300 _a1031 páginas :
_c27 cm.
650 _aGEN
654 _aCCN
942 _cLIB
_dJUS
_fJUS
_2ddc
_n
999 _c15492
_d15492